Fighter Aircraft : (Record no. 10745)

MARC details
000 -LEADER
fixed length control field 00581cam a2200193ua 4500
005 - DATE AND TIME OF LATEST TRANSACTION
control field 20260515114824.0
008 - FIXED-LENGTH DATA ELEMENTS--GENERAL INFORMATION
fixed length control field 191207n xxk |||gr||||Z||||||eng
020 ## - INTERNATIONAL STANDARD BOOK NUMBER
International Standard Book Number 9781846813993
040 ## - CATALOGING SOURCE
Transcribing agency MAIN
Original cataloging agency IN-DiNC
041 ## - LANGUAGE CODE
Language code of sung or spoken text eng
082 ## - DEWEY DECIMAL CLASSIFICATION NUMBER
Classification number 623.7464
Item number CRO
100 ## - MAIN ENTRY--PERSONAL NAME
Personal name Crosby, Francis
Relator term author
245 ## - TITLE STATEMENT
Title Fighter Aircraft :
Remainder of title featuring photographs from the imperial war museum /
Statement of responsibility, etc. By Francis Crosby .
260 ## - PUBLICATION, DISTRIBUTION, ETC.
Place of publication, distribution, etc. London:
Name of publisher, distributor, etc. Hermes house,
-- Annes publishing limited
Date of publication, distribution, etc. 2008.
300 ## - PHYSICAL DESCRIPTION
Extent 256p.
650 ## - SUBJECT ADDED ENTRY--TOPICAL TERM
Topical term or geographic name entry element Fighter planes
653 ## - INDEX TERM--UNCONTROLLED
Uncontrolled term Military science
942 ## - ADDED ENTRY ELEMENTS (KOHA)
Koha item type Books
Source of classification or shelving scheme Dewey Decimal Classification
Holdings
Withdrawn status Lost status Source of classification or shelving scheme Damaged status Not for loan Collection Home library Current library Shelving location Date acquired Cost, normal purchase price Total checkouts Full call number Barcode Date last seen Copy number Price effective from Koha item type
    Dewey Decimal Classification       Naharkatiya College Library Naharkatiya College Library General stacks 09/19/2020 1495.00   623.7464 CRO 25464 09/19/2020 1 09/19/2020 Books